[Event "SRB-chT 1st League Men 2018"]
[Site "Valjevo"]
[Date "2018.09.03"]
[Round "4"]
[White "Zegarac, Vuk"]
[Black "Simonovic, Aleksandar"]
[Result "*"]
[WhiteElo "2282"]
[BlackElo "2363"]
[Annotator "NA"]
[PlyCount "35"]
[EventDate "2018.08.31"]
[EventType "team-tourn"]
[EventCountry "SRB"]
[SourceTitle "playchess.com"]
[Source "ChessBase"]
[SourceQuality "1"]
[TimeControl "40/5400+30:1800+30"]

1. d4 {[%emt 1:30:30]} e6 {[%emt 0:00:00]} 2. Nf3 {[%emt 0:00:00]} c5 {[%emt 0:01:19]} 3. c3 {[%emt 0:03:19]} Nc6 {[%emt 0:05:30]} 4. e4 {[%emt 0:06:16]} d5 {[%emt 0:00:50]} 5. exd5 {[%emt 1:22:55]} exd5 {[%emt 0:03:27]} 6. Be2 {[%emt 1:22:28]} cxd4 {[%emt 0:17:13]} 7. Nxd4 {[%emt 0:01:28]} Bd6 {[%emt 0:00:32]} 8. O-O {[%emt 0:01:58]} h6 {[%emt 0:10:20]} 9. Nxc6 {[%emt 0:10:58]} bxc6 {[%emt 0:00:07]} 10. c4 {[%emt 0:00:50]} Ne7 {[%emt 0:04:13]} 11. cxd5 {[%emt 0:00:35]} cxd5 {[%emt 0:01:00]} 12. Bf4 {[%emt 0:05:57]} O-O {[%emt 0:02:09]} 13. Bxd6 {[%emt 0:00:29]} Qxd6 {[%emt 0:00:06]} 14. Nc3 {[%emt 0:00:39]} Rd8 {[%emt 0:02:06]} 15. Nb5 $11 {[%emt 0:04:50]} Qb6 {[%emt 0:08:03]} 16. Qd4 {[%emt 0:02:06]} Rb8 {[%emt 0:09:53]} 17. Qxb6 {[%emt 0:55:58]} Rxb6 {[%emt 0:31:42]} 18. Nxa7 {[%emt 0:00:30]} *

[Event "SRB-chT 1st League Men 2018"]
[Site "Valjevo"]
[Date "2018.09.04"]
[Round "5"]
[White "Berkes, Ferenc"]
[Black "Predojevic, Borki"]
[Result "1/2-1/2"]
[WhiteElo "2678"]
[BlackElo "2624"]
[Annotator "TA"]
[PlyCount "55"]
[EventDate "2018.08.31"]
[EventType "team-tourn"]
[EventCountry "SRB"]
[SourceTitle "playchess.com"]
[Source "ChessBase"]
[SourceQuality "1"]

{[%evp 26,55,-12,-22,0,0,0,-8,1,0,10,0,14,0,0,0,0,0,8,8,8,8,16,6,6,5,6,5,8,0,0,0]} 1. d4 Nf6 2. Nf3 d5 3. c4 e6 4. Nc3 c5 5. cxd5 Nxd5 6. e3 cxd4 7. exd4 Nxc3 8. bxc3 Qc7 9. Bd2 Nd7 10. Bd3 b6 11. O-O Bd6 12. Re1 Bb7 13. h3 O-O 14. a4 {The position is equal.} Bf4 {B22: Sicilian: 2 c3} 15. Bxf4 Qxf4 16. Qd2 (16. Re3 {looks sharper.} Qc7 17. a5 Rfd8 18. Qb1 Nf6 19. Ne5) 16... Qxd2 17. Nxd2 Rac8 18. Ra3 $146 ({Predecessor:} 18. c4 Rfd8 19. Bf1 Nf6 20. Nb3 a5 21. Reb1 Rb8 22. f3 {0-1 (39) Suleimanov,S (2350)-Jasnikowski,Z (2475) Cappelle-la-Grande 1994}) 18... Rfd8 19. Bf1 Rc7 20. a5 bxa5 21. Rb1 e5 22. Rxa5 exd4 23. cxd4 Ba8 24. Rba1 Nf8 25. Rxa7 Rxa7 26. Rxa7 Rxd4 27. Nc4 Bd5 28. Ne3 {Precision: White = 39%, Black = 45%.} 1/2-1/2

[Event "SRB-chT 1st League Men 2018"]
[Site "Valjevo"]
[Date "2018.09.04"]
[Round "5"]
[White "Georgiev, Kiril"]
[Black "Banusz, Tamas"]
[Result "1-0"]
[WhiteElo "2590"]
[BlackElo "2618"]
[Annotator "TA"]
[PlyCount "87"]
[EventDate "2018.08.31"]
[EventType "team-tourn"]
[EventCountry "SRB"]
[SourceTitle "playchess.com"]
[Source "ChessBase"]
[SourceQuality "1"]

{[%evp 31,87,8,34,0,22,0,0,0,21,7,14,3,39,36,35,37,90,86,74,74,127,96,138,95,195,201,182,194,194,191,197,202,188,181,254,261,290,283,315,317,320,240,311,316,304,303,446,445,522,511,504,498,483,426,1627,1620,1341,382]} 1. e4 c5 2. Nf3 Nc6 3. d4 cxd4 4. Nxd4 Nf6 5. Nc3 e5 6. Ndb5 d6 7. Bg5 a6 8. Na3 {[%cal Bb5a3,Ba3c2,Bc2e3,Be3d5][%mdl 32]} b5 9. Nd5 Be7 10. Bxf6 Bxf6 11. c3 Bg5 12. Nc2 Rb8 13. Be2 O-O 14. O-O a5 15. Qd3 Be6 16. Rfd1 Kh8 {LiveBook: 3 Partien. B33: Sizilianisch (Lasker/Pelikan/Sweschnikow-Variante)} (16... b4 17. cxb4 axb4 18. b3 g6 19. Qa6 Qc8 20. Qxc8 Rfxc8 21. Ba6 Rd8 22. Nc7 Rd7 23. Nxe6 fxe6 24. Bc4 {½-½ (76) Dominguez Perez,L (2754)-Radjabov,T (2713) Beijing 2013}) 17. Nce3 Qd7 18. a3 a4 $146 {Die Stellung ist ausgeglichen.} ({Vorgänger:} 18... g6 19. b4 f5 20. Bf3 a4 21. Qe2 Qf7 22. h3 Rfc8 23. Qd3 Ne7 24. Nxe7 Bxe7 25. exf5 gxf5 26. Bd5 f4 27. Bxe6 Qxe6 28. Nd5 Bf8 29. Re1 Bh6 30. Rad1 {½-½ (30) Felsberger,A (2370)-Manhardt,T (2121) Austria 2011}) 19. Nb4 Rfd8 20. Nxc6 Qxc6 21. Nd5 Qc5 22. Qg3 Bh6 23. Bg4 Qa7 (23... Qc4 $14) 24. Rd3 Qd7 25. h3 Qb7 (25... Qc6 $142) 26. Rad1 Rbc8 27. Qf3 Bg5 {[#]} (27... Rb8 $16) 28. Bxe6 $1 $18 fxe6 29. Qg4 exd5 30. Qxg5 h6 31. Qg4 d4 32. cxd4 {[%cal Bc3d4,Bd4e5][%mdl 32]} Rc4 (32... exd4 {ist eine bessere Verteidigung.} 33. Rxd4 Rc4) 33. dxe5 Rxe4 {[#]} 34. Qf3 $1 d5 {[#]} 35. Qxe4 $1 {[%mdl 512]} dxe4 36. Rxd8+ {[%mdl 4096] Endspiel KD-KTT} Kh7 37. R8d4 e3 38. fxe3 Qc7 (38... Qc6 $142 39. Kh2 Kg8) 39. Re4 {Droht stark e6.Weiß steht klar auf Gewinn.} Qc2 40. Rdd4 {zielt auf e6 ab.} Qc1+ 41. Kh2 {Und e6 würde nun gewinnen.} Qc7 42. Kg3 Kg6 (42... g6 $142 43. Rb4 Qc5) 43. Kf3 Qf7+ 44. Rf4 $2 {Precision: Weiß = 78%, Schwarz = 30%.} (44. Ke2 b4 45. e6) 1-0

[Event "SRB-chT 1st League Men 2018"]
[Site "Valjevo"]
[Date "2018.09.04"]
[Round "5"]
[White "Svetushkin, Dmitry"]
[Black "Miladinovic, Igor"]
[Result "1-0"]
[WhiteElo "2580"]
[BlackElo "2545"]
[Annotator "TA"]
[PlyCount "41"]
[EventDate "2018.08.31"]
[EventType "team-tourn"]
[EventCountry "SRB"]
[SourceTitle "playchess.com"]
[Source "ChessBase"]
[SourceQuality "1"]

{[%evp 26,41,20,36,52,29,118,110,122,56,104,25,37,6,340,341,1094,1091]} 1. e4 c5 2. Nf3 Nc6 3. d4 cxd4 4. Nxd4 Qc7 5. Nc3 e6 6. Be3 a6 7. Qd2 Nf6 8. O-O-O Bb4 9. f3 Ne7 {B48: Sicilian: Taimanov: 5 Nc3 Qc7 6 Be3 a6 without Be2} (9... O-O 10. g4 b5 11. g5 Nh5 12. Kb1 Rb8 13. Nxc6 dxc6 14. f4 c5 15. Be2 g6 16. Bxh5 gxh5 17. f5 {1-0 (27) Saric,I (2657)-Bosiocic,M (2611) Batumi 2018}) 10. Nde2 d5 11. Bg5 dxe4 12. Bxf6 gxf6 13. Qd4 exf3 14. Qxb4 {LiveBook: 24 Games. aiming for Ng3.} fxe2 15. Bxe2 {[%cal Bf1e2,Be2h5,Bh5g6][%mdl 32] And now Ne4 would win.} Nc6 (15... f5 $11 {remains equal.}) 16. Qh4 $1 $16 {[%mdl 1024] White has strong compensation.} f5 17. Qf6 (17. g4 $16) 17... O-O $146 18. Rd3 ({Reject} 18. Qg5+ $6 Kh8 $11) ({White should play} 18. g4 $1 $16 {[%cal Rg4f5] Hoping for gxf5.} Qe5 19. Qh4) 18... Ne7 19. Rhd1 (19. g4 $5 {[%cal Rg4f5]} Ng6 20. gxf5 Qf4+ 21. Kb1 Qxf5 22. Qd4 $11) 19... b5 $2 {[%mdl 8192] [#]} (19... Ng6 $11 {and Black is okay.}) 20. Bh5 $1 $18 {[%cal Rh5f7]} Ng6 $2 {[#]} (20... Bb7 21. Rd7 Qf4+ 22. Kb1 Ng6) 21. Bxg6 $1 {Precision: White = 43%, Black =  6%.} 1-0

[Event "SRB-chT 1st League Men 2018"]
[Site "Valjevo"]
[Date "2018.09.04"]
[Round "5"]
[White "Ivanisevic, Ivan"]
[Black "Indjic, Aleksandar"]
[Result "1/2-1/2"]
[WhiteElo "2578"]
[BlackElo "2585"]
[Annotator "TA"]
[PlyCount "93"]
[EventDate "2018.08.31"]
[EventType "team-tourn"]
[EventCountry "SRB"]
[SourceTitle "playchess.com"]
[Source "ChessBase"]
[SourceQuality "1"]

{[%evp 22,93,16,1,11,7,9,0,0,0,0,1,10,0,0,0,0,0,0,0,0,0,0,0,0,0,0,0,0,0,0,0,0,0,0,0,0,-12,-14,-17,-10,-10,-8,-8,-5,-10,-8,-8,0,0,0,-13,0,0,0,0,0,0,0,0,0,-17,-17,-20,-19,-20,-21,-23,-22,-20,-22,-20,-12,-65]} 1. d4 {King,D} Nf6 2. c4 e6 3. Nc3 Bb4 4. Bd2 O-O 5. Nf3 b6 6. g3 Bb7 7. Bg2 a5 8. O-O d6 9. Qc2 {E16: Queen's Indian: 4 g3 Bb7 5 Bg2 Bb4+} Bxc3 10. Bxc3 Be4 11. Qa4 Nbd7 {[%cal Bb8d7,Bd7b6,Bb6c4][%mdl 32]} 12. Rfe1 {LiveBook: 5 Games} c5 13. Rad1 $146 ({Predecessor:} 13. Nh4 Qc7 14. Red1 Bxg2 15. Nxg2 Ne4 16. Be1 cxd4 17. Rxd4 {1-0 (42) Bacrot,E (2565)-Kortschnoj,V (2625) Cannes 1998 CBM 065 [King,D]}) 13... Qc7 14. Bh3 b5 15. cxb5 Nb6 $1 {[%cal Rb6a4]} 16. Qa3 $1 {Hoping for dxc5.} ({Avoid the trap} 16. Bxa5 $2 Qa7 $19) 16... Bc2 $1 {[#] aiming for ...Nc4.} 17. dxc5 $1 {[%mdl 512]} Nc4 $1 {[%cal Rc4a3]} (17... Qxc5 18. Qxc5) 18. cxd6 Qb6 19. Bd4 Qxb5 20. Qc3 Bxd1 21. Bxf6 gxf6 22. Rxd1 Ne5 $1 23. Nd4 Qa6 24. Qc1 Rfd8 25. Qf4 Rxd6 (25... Qxd6 {with more complications.} 26. Qxf6 Ng6 27. Bf1 Qe7 28. Qf3 Qd6) 26. Qxf6 Ng6 27. Nxe6 Rxe6 ({Reject} 27... Rxd1+ $6 28. Kg2 $16) 28. Bxe6 Qxe6 29. Qxe6 fxe6 $11 {[%mdl 4096] Endgame KRN-KR} 30. f4 Rc8 31. Kf2 Rc2 32. Rd8+ Kf7 33. Ra8 Rxb2 34. Rxa5 Kf6 35. h4 Rc2 36. Ra7 Ne7 37. h5 h6 38. a4 Rc5 39. g4 Nd5 40. e3 Rc2+ 41. Kf3 Rc3 42. Rh7 $1 Rxe3+ 43. Kf2 Re4 44. Rxh6+ Kg7 45. Rg6+ {The position is equal.} Kf7 46. f5 exf5 {[#] Strongly threatening ...Ne7.} 47. gxf5 {Precision: White = 71%, Black = 85%.} (47. Rg5 $11) 1/2-1/2

[Event "SRB-chT 1st League Men 2018"]
[Site "Valjevo"]
[Date "2018.09.04"]
[Round "5"]
[White "Roganovic, Milos"]
[Black "Cabarkapa, Novak"]
[Result "0-1"]
[WhiteElo "2527"]
[BlackElo "2437"]
[Annotator "TA"]
[PlyCount "52"]
[EventDate "2018.08.31"]
[EventType "team-tourn"]
[EventCountry "SRB"]
[SourceTitle "playchess.com"]
[Source "ChessBase"]
[SourceQuality "1"]

{[%evp 17,52,23,27,32,43,-2,0,-21,-8,-35,11,-31,-28,-47,22,-35,-38,-32,-36,-145,-136,-152,-131,-145,-108,-837,-828,-974,-984,-978,-968,-827,-608,-1618,-1608,-1706,-1713]} 1. e4 e6 2. d4 d5 3. Nd2 {[%cal Bb1d2,Bd2b3,Bb3d4][%mdl 32]} c5 4. exd5 Qxd5 5. Ngf3 cxd4 6. Bc4 Qd7 {C07: Französische Verteidigung (Tarrasch-Variante)} (6... Qd6 7. O-O Nf6 8. Nb3 Nc6 9. Nbxd4 Nxd4 10. Nxd4 a6 11. Re1 Qc7 12. Qe2 Bc5 13. c3 O-O 14. Bg5 b5 15. Bd3 Nd5 16. Qh5 g6 17. Qh4 Bb7 18. a4 bxa4 19. Rxa4 Rfe8 20. Nf3 {1-0 (29) Wei,Y (2729)-So,W (2780) chess.com INT 2018}) 7. O-O Nc6 8. Nb3 a6 9. a4 Bd6 {LiveBook: 4 Partien} 10. Nbxd4 Nge7 11. b3 Ne5 12. Be2 $146 ({Vorgänger:} 12. Nxe5 Bxe5 13. c3 O-O 14. Ne2 {0-1 (39) Kulon,K (2258)-Shen,Y (2405) Kazan 2013}) 12... Qc7 13. c4 Ng4 {[%cal Rd6h2]} 14. g3 (14. h3 $5 {[%cal Rh3g4]} Nf6 15. Bb2 $11) 14... e5 {[%cal Be6e5,Be5e4][%mdl 32]} 15. Nc2 Nf6 ({Lieber} 15... O-O $15) 16. Re1 (16. b4 $11 e4 17. c5 exf3 18. Bb5+ $1 {[%mdl 512]} axb5 19. cxd6) 16... e4 $15 17. Nfd4 h5 18. Bg5 {[#]} (18. Ba3 $15) 18... h4 $1 $17 {[%cal Rh4g3]} 19. Bxh4 Rxh4 20. gxh4 Bxh2+ 21. Kh1 $2 {[%mdl 8192]} (21. Kg2 $17) 21... Qf4 $1 $19 {[%csl LRf2,LRh4] Schwarz steht klar auf Gewinn.} 22. Rg1 Qxh4 23. Rg2 Be5+ 24. Kg1 Bh3 25. Rxg7 Ng6 {( -> ...Df4)} 26. Qd2 {[#]} Bg2 $1 {[%mdl 512] Precision: Weiß =  7%, Schwarz = 74%.} 0-1

[Event "SRB-chT 1st League Men 2018"]
[Site "Valjevo"]
[Date "2018.09.04"]
[Round "5"]
[White "Bogosavljevic, Boban"]
[Black "Zegarac, Vuk"]
[Result "1-0"]
[WhiteElo "2518"]
[BlackElo "2282"]
[Annotator "TA"]
[PlyCount "99"]
[EventDate "2018.08.31"]
[EventType "team-tourn"]
[EventCountry "SRB"]
[SourceTitle "playchess.com"]
[Source "ChessBase"]
[SourceQuality "1"]

{[%evp 21,99,0,23,0,3,0,12,0,0,-16,3,-7,-8,-22,32,27,30,30,30,30,30,30,30,32,42,53,48,48,63,60,72,75,56,32,70,28,28,29,73,80,89,48,62,49,143,129,132,127,127,89,76,30,30,30,34,28,123,124,193,189,763,777,1204,1163,1145,963,828,664,1609,1603,1570,1515,1394,843,29979,29980,29982,29983,29992,29993]} 1. Nf3 d5 2. g3 Bg4 3. Bg2 c6 4. O-O Nd7 5. d3 Ngf6 6. c4 e6 7. cxd5 cxd5 8. Nc3 Be7 9. h3 Bh5 10. Bf4 O-O 11. Rc1 {A11: English Opening: 1...c6} a6 {LiveBook: 4 Games} 12. a3 (12. e4 dxe4 13. dxe4 Nc5 14. Qxd8 Rfxd8 15. Ne5 Nfd7 16. Nxd7 Rxd7 {1-0 (44) Kurnosov,I (2657)-Rublevsky,S (2695) Khanty-Mansiysk 2013}) 12... Rc8 13. g4 $146 {The position is equal.} ({Predecessor:} 13. b4 Nb8 14. g4 Bg6 15. Ne5 Nc6 16. Nxg6 hxg6 17. d4 b5 18. Qd3 Nd7 {0-1 (31) Markosian,D (2428)-Shestakov,S (2325) Tula 2000}) 13... Bg6 14. Bg3 h6 15. Qb3 b5 16. Nb1 Qb6 17. Rc2 Rc6 (17... Nc5 $11 18. Qc3 Nce4 19. Qxc8 Nxg3) 18. Rfc1 $14 Rfc8 19. Rxc6 Rxc6 20. Rxc6 Qxc6 21. Qc3 Qxc3 22. Nxc3 b4 23. axb4 Bxb4 24. Nd4 Bc5 25. Nc6 Nb6 26. b4 Bf8 27. e4 Ne8 28. f4 {[%cal Bf2f4,Bf4f5][%mdl 32]} dxe4 29. dxe4 {And now Bf1 would win.} Bd6 30. Bf2 {Threatens to win with e5.} Nd7 31. f5 Bh7 32. Bd4 e5 ({Black should play} 32... Nc7 $14) 33. Ba7 Nc7 34. Bf1 $36 {[%mdl 2048] White is really pushing.} Kf8 35. Bc4 f6 36. Nd5 Bg8 $1 37. Kf2 Nb5 38. Be3 Nb8 (38... Nc3 $11 {remains equal.}) 39. Nxb8 $16 Bxb8 (39... Bxd5 $16 40. exd5 (40. Bxd5 Bxb8 41. Bb7 Bd6 $16) 40... Bxb8) 40. Bc5+ $1 $18 Bd6 $2 (40... Nd6 41. Bxa6 Bf7) 41. Bxb5 $1 Bxc5+ 42. bxc5 {[%cal Bb4c5,Bc5c6][%mdl 32] c6 would kill now.} axb5 {[%mdl 4096] Endgame KB-KN} 43. Ke3 Ke8 {[#]} 44. c6 $1 Bf7 {[#] intending ...Kd8.} 45. Nc7+ $1 Kd8 46. Nxb5 Bb3 47. Kd3 Bd1 48. Kc4 {White mates.} Bf3 49. Kd5 Bg2 50. Kd6 {Precision: White = 52%, Black = 27%.} 1-0

[Event "SRB-chT 1st League Men 2018"]
[Site "Valjevo"]
[Date "2018.09.04"]
[Round "5"]
[White "Popovic, Dusan"]
[Black "Nenezic, Marko"]
[Result "1/2-1/2"]
[WhiteElo "2517"]
[BlackElo "2495"]
[Annotator "TA"]
[PlyCount "47"]
[EventDate "2018.08.31"]
[EventType "team-tourn"]
[EventCountry "SRB"]
[SourceTitle "playchess.com"]
[Source "ChessBase"]
[SourceQuality "1"]

{[%evp 15,47,17,19,20,22,29,29,16,16,16,16,16,18,8,10,0,0,0,0,0,0,0,0,0,0,4,18,18,18,0,0,0,18,0]} 1. e4 c5 2. Nf3 d6 3. d4 cxd4 4. Qxd4 Nf6 5. Bb5+ (5. Be2 Nc6 6. Qe3 Bg4 7. O-O g6 8. Rd1 Bxf3 9. Bxf3 Bg7 10. c4 Qc7 11. Nc3 Ne5 12. b3 Nxf3+ 13. Qxf3 {1-0 (33) Harikrishna,P (2732)-Navara,D (2727) Prague 2018}) 5... Bd7 6. c4 {B53: Sizilianisch (Ungarische Variante)} Nc6 7. Qd3 Ne5 8. Nxe5 dxe5 {LiveBook: 5 Partien} 9. Bxd7+ Qxd7 10. Qxd7+ Nxd7 $146 ({Vorgänger:} 10... Kxd7 11. f3 e6 12. Ke2 Bc5 13. Be3 Bxe3 14. Kxe3 Rhc8 {1-0 (51) Istratescu,A (2573)-Samhouri,A (2348) Abu Dhabi 2018}) 11. Be3 e6 {Die Stellung ist ausgeglichen.} 12. Ke2 Rc8 13. Rc1 Bc5 14. Bxc5 Nxc5 15. Nd2 a5 16. Nb3 b6 17. Nxc5 Rxc5 $11 {[%mdl 4096] Endspiel KTT-KTT} 18. b3 Ke7 19. Rd1 Rhc8 20. a4 f5 21. Ra2 Rd8 $1 22. Rad2 Rxd2+ 23. Rxd2 Rc8 24. Ke3 {Precision: Weiß = 68%, Schwarz = 78%.} 1/2-1/2

[Event "SRB-chT 1st League Men 2018"]
[Site "Valjevo"]
[Date "2018.09.04"]
[Round "5"]
[White "Savic, Miodrag R"]
[Black "Benkovic, Petar"]
[Result "1-0"]
[WhiteElo "2506"]
[BlackElo "2405"]
[Annotator "TA"]
[PlyCount "74"]
[EventDate "2018.08.31"]
[EventType "team-tourn"]
[EventCountry "SRB"]
[SourceTitle "playchess.com"]
[Source "ChessBase"]
[SourceQuality "1"]

{[%evp 20,74,28,8,37,20,19,16,66,57,60,64,62,27,37,43,41,45,35,33,72,11,15,3,100,111,101,57,62,76,77,68,78,56,109,106,111,112,112,109,105,107,103,92,146,146,146,146,146,146,116,-29989,146,-29989,103,-1110,-859]} 1. e4 c5 2. c3 Nf6 3. e5 Nd5 4. Nf3 Nc6 5. d4 cxd4 6. Bc4 e6 7. cxd4 d6 8. O-O Be7 9. a3 dxe5 10. dxe5 O-O 11. Qe2 {LiveBook: 4 Partien} Qb6 {B22: Sizilianisch (Alapin 2.c3)} 12. Qe4 Rd8 13. Nbd2 $146 ({Vorgänger:} 13. Bd3 g6 14. Nbd2 Qc7 15. Nc4 b5 16. Ncd2 a6 17. Re1 Bb7 18. Qg4 {0-1 (49) Ravi,T (2380)-Prathamesh,S (2379) Calicut 2003}) 13... Bd7 {Die Stellung ist ausgeglichen.} 14. Bd3 g6 15. Nc4 Qc7 16. Bh6 Be8 17. Rac1 Rac8 18. h4 b5 19. Ncd2 b4 20. Bg5 (20. a4 $16) 20... bxa3 21. bxa3 Qa5 (21... Bxa3 $11 {bleibt in der Remisbreite.} 22. Bxd8 Rxd8) 22. Nc4 $16 Qa4 23. Nd6 $36 {[%mdl 2048] Schwarz steht unter Druck.} Qxe4 24. Bxe4 Bxd6 25. Bxd8 {Schwarz muss nun Lxd5 beachten.} ({Viel schlechter ist} 25. exd6 Rxd6 26. Rfe1 Nce7 $15) 25... Bxa3 {[#]} 26. Ra1 $1 Bb2 (26... Bc5 $14 27. Bxd5 exd5) 27. Ra2 Bxe5 28. Bxd5 exd5 29. Nxe5 Rxd8 30. Nxc6 Bxc6 31. Rxa7 {[%mdl 4096] Endspiel KTT-KTL} h5 (31... d4 $142) 32. Rc1 Bd7 33. Rca1 Kg7 34. Ra8 Rxa8 35. f3 $2 {[%mdl 8192] [#]} (35. Rxa8 $16 Kf6 36. Kf1) 35... Be6 $2 (35... Rxa1+ 36. Kf2 d4 37. f4 Ra2+ 38. Kf1 d3 39. f5 gxf5 40. Ke1 Ba4 41. g3 d2+ 42. Kf2 d1=Q+ 43. Ke3 Qd2+ 44. Kf3 Qf2#) 36. Ra4 $2 {[%mdl 8192]} (36. Rxa8 $16 Kf6 37. Kf2) 36... Kf6 $2 (36... Rxa4 {setzt Matt} 37. Kf1 Ra2 38. Ke1 d4 39. Kf1 Bc4+ 40. Ke1 d3 41. g4 Re2+ 42. Kd1 Bb3+ 43. Kc1 Ra2 44. gxh5 d2+ 45. Kb1 d1=Q#) 37. Rd4 $2 {[%mdl 8192]} (37. Rxa8 $16 Ke5 38. Kf2) 37... Ra5 {[%mdl 32768] Precision: Weiß = 83%, Schwarz = 49%. . Loss on Time!?} 1-0

[Event "SRB-chT 1st League Men 2018"]
[Site "Valjevo"]
[Date "2018.09.04"]
[Round "5"]
[White "Zajic, Milan"]
[Black "Sedlak, Nikola"]
[Result "0-1"]
[WhiteElo "2497"]
[BlackElo "2587"]
[Annotator "TA"]
[PlyCount "66"]
[EventDate "2018.08.31"]
[EventType "team-tourn"]
[EventCountry "SRB"]
[SourceTitle "playchess.com"]
[Source "ChessBase"]
[SourceQuality "1"]

{[%evp 19,66,33,45,19,36,13,13,10,8,14,17,10,9,0,6,0,14,0,0,0,0,-18,0,0,0,0,17,7,37,33,32,37,41,27,115,103,104,104,89,-313,-296,-402,-395,-5814,-5722,-3139,-3032,-2329,-2235]} 1. e4 c6 2. d4 d5 3. Nd2 dxe4 4. Nxe4 Nf6 5. Nxf6+ gxf6 6. Nf3 Bf5 7. Bd3 Nd7 8. O-O Bg6 {B16: Caro-Kann: Bronstein-Larsen Variation} 9. Bf4 Bg7 10. Re1 O-O {LiveBook: 3 Games. White is slightly better.} 11. Qe2 (11. Qd2 Re8 12. Rad1 Nb6 13. Bg3 Qd7 14. c4 Rad8 15. b3 {½-½ (15) Fressinet,L (2705)-Le Roux,J (2537) Paris 2015}) 11... Re8 12. Bg3 $146 (12. Rad1 {looks sharper.} Qa5 13. Bc4 Qf5 14. Bc1 e5 15. d5) ({Predecessor:} 12. Rad1 e6 13. Bg3 a6 14. Nd2 Nb6 15. Bxg6 hxg6 {1-0 (39) Nagy,G (2448)-Kirszenberg,M (2180) Budapest 2017}) 12... e5 13. dxe5 Nxe5 14. Nxe5 fxe5 15. Bxg6 hxg6 16. Rad1 Qe7 17. Qc4 e4 18. Rd6 Kh7 19. h4 f5 20. h5 gxh5 21. Qc5 Qf7 22. Red1 $36 {[%mdl 2048] Black must now prevent Rd7. White has good play.} Re7 23. Bf4 h4 24. Bg5 {[%mdl 1024] White has compensation.} Re5 25. Qe3 {And now Rd7 would win.} Qh5 26. Qf4 {next Rd7 is good for White.} h3 (26... Rg8 $11 {keeps the balance.}) 27. Rd7 $16 Kh8 28. gxh3 Rg8 {[#] Strongly threatening ...Bf6.} 29. Rd8 $2 {[%mdl 8192]} (29. Kh2 $1 $16 {and life is bright.}) 29... Ree8 $19 30. R1d7 Rxd8 31. Bxd8 $2 (31. Rxd8 Rxd8 32. Bxd8 Qd1+ 33. Kg2 Qxd8 34. Qxf5) 31... Be5+ {Black is clearly winning.} 32. Kf1 Qxh3+ 33. Ke2 Qh5+ {Precision: White = 47%, Black = 52%.} 0-1

[Event "SRB-chT 1st League Men 2018"]
[Site "Valjevo"]
[Date "2018.09.04"]
[Round "5"]
[White "Strikovic, Aleksa"]
[Black "Ilincic, Zlatko"]
[Result "1-0"]
[WhiteElo "2483"]
[BlackElo "2429"]
[Annotator "TA"]
[PlyCount "76"]
[EventDate "2018.08.31"]
[EventType "team-tourn"]
[EventCountry "SRB"]
[SourceTitle "playchess.com"]
[Source "ChessBase"]
[SourceQuality "1"]

{[%evp 19,76,-27,-16,-15,4,-17,4,-32,0,0,0,-29,-7,0,0,-10,-29,-16,-16,-35,-35,-33,-27,-51,35,0,0,0,11,10,4,0,0,10,381,0,0,0,149,148,141,30,34,12,147,152,223,223,649,633,671,647,651,634,1541,1533,1537,1419,29992]} 1. c4 Nf6 2. Nf3 e6 3. g3 d5 4. Bg2 c6 5. Qc2 Nbd7 6. O-O Bd6 7. d4 O-O 8. Nc3 dxc4 9. e4 e5 10. Rd1 Qe7 11. h3 $146 {E01: Catalan: Early deviations} ({Predecessor:} 11. Qe2 exd4 12. Nxd4 Ne5 13. Bf4 Nd3 14. e5 Nxe5 15. Re1 Re8 16. Rad1 Bg4 17. f3 Bd7 18. Qd2 Qf8 19. Bg5 Nd3 20. Rxe8 Rxe8 21. Bxf6 gxf6 22. Ne4 Rxe4 23. fxe4 Bc5 24. Qc3 Qd6 25. Qxc4 Nxb2 {0-1 (25) Nagy,A (2221)-Ratkovic,M (2332) Kac 2014}) 11... b5 12. Be3 Bb7 13. dxe5 {The position is equal.} Bxe5 14. Nxe5 Nxe5 15. b3 a5 16. f4 Nd3 17. bxc4 bxc4 18. Rab1 Rfe8 19. Kh2 h5 {[%cal Bh7h5,Bh5h4][%mdl 32]} 20. Qe2 h4 21. g4 Qc7 (21... g6 $15) 22. Kh1 {[%mdl 1024] White has compensation.} (22. g5 $5 {[%cal Rg5f6]} Nd5 23. exd5 Nxf4 24. Rxb7 Qxb7 25. Qf3 (25. dxc6 $2 Qc7 $19) 25... Nxg2 26. Kxg2 $11) 22... Nd7 23. g5 Bc8 24. e5 Nf8 $1 25. Qf3 Ra6 26. Ne4 $36 {[%mdl 2048] White has good play.} Be6 $2 {[%mdl 8192]} (26... c5 $1 $11 {and Black is okay.}) 27. Nd6 $2 (27. Qh5 $18) 27... Rb8 $11 28. Qh5 {Hoping for Rxb8.} g6 (28... c5 $1 $11) 29. Qxh4 $16 {aiming for Ne4.} Bd5 30. Qg3 (30. Bxd5 $16 {White wants to mate with Rxb8.} cxd5 31. Bd4) 30... Raa8 $11 31. f5 {Threatens to win with Bxd5.} Rxb1 (31... Bxg2+ $11 32. Kxg2 gxf5) 32. Rxb1 $16 Rb8 {[#]} (32... Bxg2+ $16 33. Kxg2 c5) 33. Rf1 $1 $18 gxf5 $2 {[#]} (33... Bxg2+ 34. Kxg2 c5) 34. Bxd5 $1 {Threatening mate with g6.White is clearly winning.} cxd5 35. Nxf5 Ng6 36. Nh6+ Kh8 37. Bd4 f6 38. gxf6 Ngxe5 {Precision: White = 45%, Black = 33%.} 1-0